| 000 | 01093nam a22003257a 4500 | ||
|---|---|---|---|
| 001 | 000022759 | ||
| 003 | CHAP | ||
| 005 | 20220817041707.0 | ||
| 008 | 971013s1968 r 00010 d | ||
| 010 | _a21714 | ||
| 011 | _a22686 | ||
| 035 | _a26781 | ||
| 040 | _cCHAP | ||
| 090 | _aFolleto 1449 | ||
| 110 |
_aAsociación de Bibliotecarios de Instituciones de Enseñanza Superior y de Investigación. México _97993 |
||
| 245 | 0 | _aNormas para el servicio bibliotecario. | |
| 260 |
_a(México, D.F. : _bAsociación de Bibliotecarios de Instituciones de Enseñanza Superior e Investigación. México), _c(1968?). |
||
| 300 | _a9 p. | ||
| 590 |
_aBATCH-UPD _b10 _c20130110 _lUCH01 _h1010 |
||
| 590 |
_aBATCH-UPD _b10 _c20130410 _lUCH01 _h0618 |
||
| 590 |
_aBATCH-UPD _b10 _c20130914 _lUCH01 _h0622 |
||
| 590 |
_aCONVERSION _b10 _c20130109 _lUCH01 _h1313 |
||
| 590 |
_aE6096MTM _b05 _c20150909 _lUCH01 _h1121 |
||
| 650 | 1 | 4 | _aBibliotecas universitarias. |
| 650 | 1 | 4 |
_aBibliotecas _xLegislación. _912517 |
| 650 | 1 | 4 |
_aBibliotecas _xMéxico. _912519 |
| 901 | _aBK | ||
| 942 | _cFOLL | ||
| 942 | _n0 | ||
| 999 |
_c21714 _d21714 |
||